| 000 | 00467nam a2200181Ia 4500 | ||
|---|---|---|---|
| 008 | 180424s9999 xx 000 0 und d | ||
| 020 | _a132608944 | ||
| 084 | _a511.8 S1 | ||
| 100 | _a"Svobodny, Thomas" | ||
| 245 | 0 | _aMathematical Modeling for Industry and Engineering | |
| 250 | _a\\199500ENGGPSX | ||
| 260 | _aPrentice Hall | ||
| 260 | _b1995 | ||
| 260 | _cEnglewood Cliffs | ||
| 300 | _a534p. | ||
| 500 | _aincludes index and biblioraphy | ||
| 942 | _cBK | ||
| 999 |
_c73179 _d73179 |
||